Fragmenty

Bibliographic Details
Main Author: Martinák, Bohumil (Author)
Format: Book
Language:Slovak
PhysicalDescription:155 s. ilustr. 19 cm
Published: [Bratislava] DiMas c1994
ISBN:8096727443
Subjects:

MARC

LEADER 00000cam a2200000 a 4500
001 vtls001371589
003 SK-MaSNL
005 20260302071324.0
008 240226s1994 xo a r 000 p slo
015 |a SNBA1999/11-04242 
020 |a 8096727443 
035 |a SNK000325404 
035 |a urn:nbn:sk:snk-amjcmw 
035 |a urn:nbn:sk:snk-am002lyb 
035 |a AC0D28B4-EE64-4A95-AA0E-9C0716C60EA8 
040 |a SNK  |b slo  |c SNK  |e AACR2 
041 0 |a slo 
044 |a xo  |c SK 
080 |a 885.4-1  |2 1981 
100 1 |a Martinák, Bohumil  |4 aut  |9 79255 
245 1 0 |a Fragmenty  |c [m.c.] 
260 |a [Bratislava]  |b DiMas  |c c1994 
300 |a 155 s.  |b ilustr.  |c 19 cm 
500 |a Ilustr. na tit. strane 
655 7 |a slovenská poézia  |2 SNK  |9 70444 
919 |a 80-967274-4-3 
954 |a beletria pôvodná (slovenská)  |2 lita 
958 |a TL 
958 |a LX 
999 |c 1151513  |d 1153443 
952 |t P60, <09>, [BOOK], {629}  |a SNK  |b SNK  |y NEVYP  |7 0  |o snkD 111  |i snk1105/990910  |0 0  |1 0  |4 0  |d 1999-09-08  |l 0  |r 2005-01-02 00:00:00  |w 2026-02-24 
952 |t P60, <03>, [BOOK], {603}  |a SNK  |b SNK  |y PREZ  |7 0  |p 17A0208463  |o snkSD 70329  |i snkKSP 8887/99  |0 0  |1 0  |4 0  |d 1999-09-08  |l 0  |r 2005-01-02 00:00:00  |w 2026-02-24 
952 |t P60, <04>, [BOOK], {604}  |a SNK  |b SNK  |y VYP  |7 0  |p 17A0208464  |o snkSD 70329 D1  |i snkKSP 8888/99  |0 0  |1 0  |4 0  |d 1999-09-08  |f 1  |l 0  |r 2005-01-02 00:00:00  |w 2026-02-24